| 000 | 01096aab a2200205 i 4500 | ||
|---|---|---|---|
| 001 | 768714001 | ||
| 003 | CO-MdFUSB | ||
| 005 | 20240422123441.0 | ||
| 008 | 221015s1996 ag ||||| |||| 00| 0 spa d | ||
| 040 |
_bspa _cCO-MdFUSB _dCO-MdFUSB |
||
| 041 | _aspa | ||
| 100 | 1 |
_aCamargo López, Jesús _eautor |
|
| 245 | 1 | 3 |
_aEl matrimonio como señal _c/ Jesús Camargo López , Carmen Pérez de Camargo |
| 300 |
_aVolumen 15, número 4 (octubre - diciembre, 1996) páginas: 17 - 19 _c; 27 cm |
||
| 520 | _aLa pareja que vive unida y amándose mutuamente anuncia a otros, con su propia experiencia, la realidad del amor de Dios. Lo mínimo que el marido está invitado a hacer es amar a su mujer como se ama a sí mismo, ya que es un solo cuerpo con ella. Para amar a otros es necesario amarse a sí misma. Para sujetarse a otros es necesarios despojarse del papel de víctima. | ||
| 650 | 7 |
_9300 _aMatrimonio |
|
| 700 | 1 |
_aPérez de Camargo, Carmen _eautor |
|
| 773 | 0 |
_tIglesia y Misión _049402 _959639 _gVolumen 15, número 4 (octubre - diciembre, 1996) páginas: 17 - 19 _qpágina: 17 |
|
| 942 | _cANA | ||
| 999 |
_c52217 _d52217 |
||